000 00271nam a2200121 a 4500
008 101209s1979|||| d
100 1 _aPlicka, Karol
245 1 0 _aZlatá brána
260 _bOsveta
_aBratislava
_c1979
020 _c72
041 _aslo
044 _axo
_cSK
999 _c15031
_d15031